Biggest City by Body of Water - Statistics

General Stats
  • This quiz has been taken 30 times
  • The average score is 13 of 20
Answer Stats
Body of Water City % Correct
Irish Sea Dublin
89%
Indian Ocean Mumbai
89%
Pacific Ocean Tokyo
89%
Mediterranean Sea Alexandria
82%
Caspian Sea Baku
82%
Lake Michigan Chicago
82%
Black Sea Istanbul
82%
Gulf of Mexico Houston
75%
Baltic Sea St. Petersburg
75%
Red Sea Jeddah
71%
Arctic Ocean Murmansk
71%
Caribbean Sea Santo Domingo
71%
South China Sea Guangzhou
68%
Atlantic Ocean Lagos
68%
𝘐𝘯 the Pacific Auckland
50%
North Sea Rotterdam
46%
Coral Sea Cairns
39%
Lake Tanganyika Bujumbura
36%
Lake Victoria Mwanza
29%
Southern Ocean Punta Arenas
29%
No matching quizzes found
Score Distribution
Percent of People with Each Score
Percentile by Number Answered
Your Score History
You have not taken this quiz